Opevněná sídliště z doby popelnicových polí na Moravě
| Titel: | Opevněná sídliště z doby popelnicových polí na Moravě / Vít Dohnal |
|---|---|
| Teil: | 1 |
| Verfasser: | |
| Veröffentlicht: | V Kroměříži : Muzeum Kroměřížska, (1988) |
| Umfang: | 120 S. : Ill., graph. Darst. |
| Format: | Buch |
| Sprache: | Sprache nicht angegeben |
| Schriftenreihe/ mehrbändiges Werk: |
Opevněná sídliště z doby popelnicových polí na Moravě / Vít Dohnal ; 1 alle Bände anzeigen
Studie Muzea Kroměřížska ; 1988 |
| RVK-Notation: |
X
| Lokale Klassifikation: | 23 6 C |
|---|
alg: 2280958 001A $03004:08-12-92 001B $01999:28-04-23 $t20:18:14.000 001C $00030:22-03-07 $t13:38:17.000 001D $00000:00-00-00 001U $0utf8 001X $00 002@ $0Afuc 003@ $0022809589 007A $0022809589 $aHEB 007T $0Herdhh022809481+11=Bd. 1 010@ $aund 011@ $a1988 $n(1988) 015@ $00 028A $7 $8Dohnal, Vít [Tnd] $914321750X 033A $pV Kroměříži $nMuzeum Kroměřížska 034D $a120 S. 034M $aIll., graph. Darst. 036C $a@Opevněná sídliště z doby popelnicových polí na Moravě $x11 $hVít Dohnal $l1 036D $x11 $8@Opevněná sídliště z doby popelnicových polí na Moravě / Vít Dohnal $9022809481 036E $aStudie Muzea Kroměřížska $l1988 045F $a930.109437109013 $eDDC23BSB 045F/01 $a930.1 045F/03 $f09013 045F/03 $f09014 045F/03 $g4371 045Z $8NF 1645 [Tkv] $9410860573 046M $aDt. Zsfassung u.d.T.: Urnenfelderzeitliche Burgen in Mähren. - Literaturverz. S. 107 - 117 lok: 2280958 3 101B $022-12-08 $t13:14:54.000 101C $022-12-08 101U $0utf8 145S/01 $a039 exp: 2280958 3 1 #EPN 201B/01 $021-10-24 $t10:30:40.000 201C/01 $001-11-04 201U/01 $0utf8 203@/01 $0221323422 208@/01 $a01-11-04 $brCh 209A/01 $a21/NF 1645 M994-1988,1 $db $f330 $h21 NF 1645 M994 / B 1988 1 $x00 209B/01 $a4405 $x05 209C/01 $a154-95/187 209G/01 $a1001586840 $x00 247C/01 $8601330-2 <30/330>Frankfurt, Universitätsbibliothek J. C. Senckenberg, Bibliothekszentrum Geisteswissenschaften (BzG) $9102599378 lok: 2280958 24 101B $004-08-95 $t00:33:43.405 107F $0086317563 145Z/01 $a23 6 C 101U $0utf8 exp: 2280958 24 1 #EPN 201B/01 $024-01-02 $t19:06:22.786 203@/01 $0086317571 208@/01 $a08-12-92 $bh 209A/01 $a23 VIII K 30 Z 5 : 1988,1 $du $f050 $h23 8 K 30 Z 5 / B 1988 1 $x00 209C/01 $aT 91.4063 $h91 4063 T 247C/01 $8358050-7Marburg, Bibliothek des Herder-Instituts Marburg $9102600961 201U/01 $0utf8 lok: 2280958 36 exp: 2280958 36 1 #EPN 201B/01 $002-10-07 $t15:48:44.000 201C/01 $002-10-07 201U/01 $0utf8 203@/01 $0509092071 208@/01 $a02-10-07 $bz 209A/01 $aE 60/334 $dd $f001 $x00 209C/01 $a1996.2572 247C/01 $8658001-4 Mainz, LEIZA - Leibniz-Zentrum für Archäologie, Bibliothek $9102601143 lok: 2280958 78 exp: 2280958 78 1 #EPN 201B/01 $025-11-17 $t22:47:31.000 201U/01 $0utf8 203@/01 $0792446488 208@/01 $a12-11-16 $be 209A/01 $a/ $f000 $x00 220C/01 $aAnmerkung: *11 237A/01 $aweiterführende Signatur(en): Herder-Institut: 23 VIII K 30 Z 5 : 1988,1 244Z/01 $#Tschechien $#Tschechische Republik $#Tschechische Republik $#Tschechenland $#Tschechei Tschechien $#Česká Republika $#Czech Republic $#ČR $74303381-7 $8--Tg1--Tschechien $x01 $9086659812 244Z/01 $2Trx $#Böhmen $#Bohemia $#Czechy $8--Trx--Čechy $x02 $9391188941 245Z/01 $a05.02 $x01 247C/01 $82080>Marburg/Lahn, Herder-Institut, Forschungsbibliothek, Bibliographieportal $9336309341
| LEADER | 00000cam a2200000 cc4500 | ||
|---|---|---|---|
| 001 | 022809589 | ||
| 003 | DE-603 | ||
| 005 | 20230428201814.0 | ||
| 007 | tu | ||
| 008 | 921208s1988 xx |||| | u00||u|und c | ||
| 035 | |a (DE-599)HEB022809589 | ||
| 040 | |a DE-603 |b ger |c DE-603 |d DE-603 | ||
| 041 | |a und | ||
| 082 | 0 | 4 | |8 1\u |a 930.109437109013 |q DE-101 |2 23/BSB |
| 084 | |a NF 1645 |0 (DE-625)125211:1307 |0 (DE-603)410860573 |2 rvk | ||
| 085 | |8 1\u |b 930.1 | ||
| 085 | |8 1\u |z 1 |s 09013 | ||
| 085 | |8 1\u |z 1 |s 09014 | ||
| 085 | |8 1\u |z 2 |s 4371 | ||
| 100 | 1 | |a Dohnal, Vít |0 (DE-603)14321750X | |
| 245 | 0 | 0 | |a Opevněná sídliště z doby popelnicových polí na Moravě |n 1 |c Vít Dohnal |
| 264 | 1 | |a V Kroměříži |b Muzeum Kroměřížska |c (1988) | |
| 300 | |a 120 S. |b Ill., graph. Darst. | ||
| 490 | 0 | |a Studie Muzea Kroměřížska |v 1988 | |
| 500 | |a Dt. Zsfassung u.d.T.: Urnenfelderzeitliche Burgen in Mähren. - Literaturverz. S. 107 - 117 | ||
| 773 | 0 | 8 | |q 11 |w (DE-603)022809481 |
| 924 | 0 | |9 30/330 |a (DE-603)221323422 |b DE-30-330 |c HES |d d |g 21/NF 1645 M994-1988,1 | |
| 924 | 0 | |9 Mb 50 |a (DE-603)086317571 |b DE-Mb50 |c HES |d c |g 23 VIII K 30 Z 5 : 1988,1 | |
| 924 | 0 | |9 Mz 1 |a (DE-603)509092071 |b DE-Mz1 |c HES |d d |g E 60/334 | |
| 924 | 0 | |9 2080 |a (DE-603)792446488 |b DE-2080 |c HES |d d |g / | |
alle Bände anzeigen

